Ghép tạng theo nguyên tắc domino /

Guardado en:
Detalles Bibliográficos
Autor Corporativo: Nghiên cứu con người.
Formato: Artículo
Lenguaje:Vietnamese
Materias:
Etiquetas: Agregar Etiqueta
Sin Etiquetas, Sea el primero en etiquetar este registro!
Thư viện lưu trữ: Thư viện Trường Đại học Đà Lạt
LEADER 00757nam a2200265 4500
001 DLU110119220
005 ##20110330
040 # # |a DLU  |b vie 
041 # # |a vie 
044 # # |a vn 
245 # # |a Ghép tạng theo nguyên tắc domino /  |c Nghiên cứu con người. 
653 # # |a Đại phẫu thuật 
653 # # |a Ghép tạng 
653 # # |a Hiến tạng 
710 # # |a Nghiên cứu con người. 
773 # # |t Nghiên cứu con người  |g Số 3(36), 2008, tr. 76-77 
920 # # |a Phòng Tạp chí -- Trung tâm Thông tin - Thư viện Trường Đại học Đà Lạt 
994 # # |a DLU 
900 # # |a True 
911 # # |a Nguyễn Thị Linh Chi 
925 # # |a G 
926 # # |a A 
927 # # |a BB 
980 # # |a Thư viện Trường Đại học Đà Lạt